Maurus Simonis a jeho katalog rukopisů kostela sv. Jakuba v Brně

Titel: Maurus Simonis a jeho katalog rukopisů kostela sv. Jakuba v Brně
Verfasser:
In: Studie o rukopisech, Band 36 (2005), Seite 205-227
alle Artikel anzeigen
Veröffentlicht: 2005-2006[2008]
Format: Aufsatz
Sprache: Tschechisch
Kein Bild verfügbar
X
alg: 39339286
001A    $01999:12-11-16 
001B    $06050:26-09-24 $t16:11:07.000 
001C    $06050:19-11-16 $t08:39:27.000 
001D    $01999:12-11-16 
001U    $0utf8 
001X    $00 
002@    $0Aox 
003@    $0393392864 
007A    $0393392864 $aHEB 
007T    $0Herdpp134341 
010@    $acze 
011@    $a2005 $b2006 $n2005-2006[2008] 
021A    $aMaurus Simonis a jeho katalog rukopisů kostela sv. Jakuba v Brně 
028A    $aZachová $dIrena 
031A    $d36 $h205-227 $j2005 
037A    $aRés. něm. s. 227, rés. angl. s. 227: Maurus Simonis und sein Katalog der Handschriften der St. Jakobskirche in Brünn 
039B    $aIn $8--Abvc--. Studie o rukopisech. - Praha : Komise, 1962-. - ISSN 0585-5691 $x200500000360000795 $9047128658 
045T    $a7,41 
045T    $aOST $qDE-12 $2FID 

lok: 39339286 78

exp: 39339286 78 1 #EPN
201B/01 $027-11-18 $t22:57:04.000 
201U/01 $0utf8 
203@/01 $078950328X 
208@/01 $a12-11-16 $be 
209A/01 $a/ $f000 $x00 
220C/01 $aHerkunft: Hú Av Čr Praha 
244Z/01 $#Tschechien $#Tschechische Republik $#Tschechische Republik $#Tschechenland $#Tschechei Tschechien $#Česká Republika $#Czech Republic $#ČR $74303381-7 $8--Tg1--Tschechien $x01 $9086659812 
244Z/01 $2Trx $#Böhmen $#Bohemia $#Czechy $8--Trx--Čechy $x02 $9391188941 
244Z/01 $#Brünn $#Město Brno $#Brno $#Bruna $#Brunna $#Brinna $#Brinnium $#Bruenna $#Eburodunum $74008456-5 $8--Tg1--Brünn $x03 $9085014818 
244Z/01 $aGeschichte 1800-1815 $x04 
244Z/01 $aSimonis Maurus 1740-1815 $x05 
244Z/01 $2Trx $#käsikirjad $#rankraščiai $#Manuscripts $#kéziratok $#rękopisy $#rukopisy $#rukopisy $8--Trx--Handschriften $x06 $9391380524 
244Z/01 $akatalogy rukopisů $x07 
244Z/01 $2Trx $#raamatukogud üldised $#bibliotekos bendras $#Libraries general $#könyvtárak általános $#biblioteki ogólnie $#knižnice všeobecne $#knihovny všeobecně $8--Trx--Bibliotheken$gallgemein $x08 $9391362151 
244Z/01 $aknihovny středověké $x09 
244Z/01 $2Trx $8--Trx--Zeitschriftenaufsatz $x10 $9391384341 
247C/01 $82080>Marburg/Lahn, Herder-Institut, Forschungsbibliothek, Bibliographieportal $9336309341
LEADER 00000caa a22000002c 4500
001 393392864
003 DE-603
005 20240926161107.0
007 tu
008 161112s20052006xx |||| | u00||u|cze c
035 |a (DE-599)HEB393392864 
040 |a DE-603  |b ger  |c DE-603  |d DE-603 
041 |a cze 
084 |a 7,41  |2 ssgn 
084 |a OST  |q DE-12  |2 fid 
100 1 |a Zachová, Irena 
245 0 0 |a Maurus Simonis a jeho katalog rukopisů kostela sv. Jakuba v Brně 
264 0 |c 2005-2006[2008] 
500 |a Rés. něm. s. 227, rés. angl. s. 227: Maurus Simonis und sein Katalog der Handschriften der St. Jakobskirche in Brünn 
773 0 8 |i In  |t Studie o rukopisech  |d Praha : Komise, 1962-  |x 0585-5691  |g Band 36 (2005), Seite 205-227  |w (DE-603)047128658  |w (DE-600)128586-5 
924 0 |9 2080  |a (DE-603)78950328X  |b DE-2080  |c HES  |d d  |g /